Ricostruisci la Carriera dell'Allenatore - Europa - Quiz n°3 - Statistics

Statistiche generali
  • Questo quiz è stato fatto 12 volte
  • Il punteggio medio è 11 su 16
Statistiche sulle risposte
Allenatore Carriera Squadra % Corretto
Johan Cruijff .......... 1985-1988, Barcellona 1988-1996 Ajax
100%
Hans-Dieter Flick Hoffenheim 2000-2005, .......... 2019-2021, Germania 2021- Bayern Monaco
100%
Gareth Southgate Middlesbrough 2006-2009, Inghilterra Under-21 2013-2016, .......... 2016- Inghilterra
100%
Franz Beckenbauer .......... 1984-1990, Olympique Marsiglia 1990, Bayern Monaco 1994, Bayern Monaco 1996 Germania Ovest
90%
Sven-Göran Eriksson Degerfors 1977-1978, IFK Göteborg 1979-1982, Benfica 1982-1984, Roma 1984-1987, Fiorentina 1987-1989, Benfica 1989-1992, Sampdoria 1992-1997, .......... 1997-2001, Inghilterra 2001-2006, Manchester City 2007-2008, Messico 2008-2009,Costa d'Avorio 2010, Leicester City 2010-2011, Guangzhou R&F 2013-2014, Shanghai SIPG 2014-2016, Shenzhen 2016-2017, Filippine 2018-2019 Lazio
80%
Zinédine Zidane Real Madrid Castilla 2014-2016, .......... 2016-2018, Real Madrid 2019-2021 Real Madrid
80%
Tito Vilanova Palafrugell 2001-2002, Figueres 2002-2003, Terrassa 2003-2005, .......... 2012-2013 Barcellona
70%
Paulo Sousa QPR 2008-2009, Swansea City 2009-2010, Leicester 2010, Videoton 2011-2013, Maccabi Tel Aviv 2013-2014, Basilea 2014-2015, .......... 2015-2017, Tianjin Quanjian 2017-2018, Bordeaux 2019-2020, Polonia 2021, Flamengo 2021-2022, Salernitana 2023- Fiorentina
70%
Unai Emery Lorca 2005-2006, Almería 2006-2008, Valencia 2008-2012, Spartak Mosca 2012, .......... 2013-2016, Paris-Saint Germain 2016-2018, Arsenal 2018-2019, Villarreal 2020-2022, Aston Villa 2022- Siviglia
70%
Rúben Amorim Casa Pia 2018-2019, Sporting Braga 2019-2020, .......... 2020- Sporting Lisbona
70%
Jorge Jesus Amora 1990-1993, Felgueiras 1993-1198, Estrela Amadora 1998-2000, Vitória Setúbal 2000-2002, Estrela Amadora 2002-2003, Vitória Guimarães 2003-2004, Moreirense 2004-2005, União Leiria 2005-2006, Belenenses 2006-2008, Sporting Braga 2008-2009, .......... 2009-2015, Sporting Lisbona 2015-2018, Al-Hilal 2018-2019, Flamengo 2019-2020, Benfica 2020-2022, Fenerbahçe 2022- Benfica
60%
Jürgen Klinsmann .......... 2004-2006, Bayern Monaco 2008-2009, Stati Uniti 2011-2016, Hertha Berlino 2019-2020 Germania
60%
Vujadin Boškov Young Fellows 1962-1964, Vojvodina 1964-1971, Jugoslavia 1971-1973, Den Haag 1974-1976, Feyenoord 1976-1978, Real Saragozza 1978-1979, Real Madrid 1979-1982, Sporting Gijón 1982-1984, Ascoli 1984-1986, .......... 1986-1992, Roma 1992-1993, Napoli 1994-1996, Servette 1996-1997, Sampdoria 1997-1998, Perugia 1998-1999, Jugoslavia 1999-2000 Sampdoria
50%
Arsène Wenger Nancy 1983-1987, .......... 1987-1995, Nagoya Grampus 1995-1996, Arsenal 1996-2018 Monaco
30%
Guus Hiddink PSV 1987-1990, Fenerbahçe 1990-1991, Valencia 1991-1993, Valencia 1993-1994, Paesi Bassi 1995-1998, Real Madrid 1998-1999, Betis Siviglia 2000, .......... 2001-2002, PSV 2002-2006, Australia 2005-2006, Russia 2006-2010, Turchia 2010-2011, Anži 2012-2013, Paesi Bassi 2014-2015, Chelsea 2015-2016, Cina Olimpica 2018-2019, Curaçao 2020-2021 Corea del Sud
20%
Hervé Renard Draguignan 1998-2001, Shanghai Cosco 2002-2003, Cambridge Utd 2004, Nam Định 2004, Cherbourg 2005-2007, Zambia 2008-2010, Angola 2010-2011, USM Alger 2011, .......... 2011-2013, Sochaux 2013-2014, Costa d'Avorio 2014-2015, Lilla 2015, Marocco 2016-2019, Arabia Saudita 2019- Zambia
20%
Nessun quiz corrispondente trovato
Distribuzione punteggi
Percentuale di utenti per punteggio
Percentile per numero di risposta
I tuoi punteggi nel tempo
Non hai fatto questo quiz